Европейский опцион продажи лукбэк с плавающим страйком; Физико-технические проблемы атомной науки, энергетики и промышленности

Bibliografski detalji
Parent link:Физико-технические проблемы атомной науки, энергетики и промышленности.— 2014.— [С. 149]
Glavni autor: Андреева У. В.
Autor kompanije: Национальный исследовательский Томский политехнический университет (ТПУ) Физико-технический институт (ФТИ) Кафедра высшей математики (ВМ)
Daljnji autori: Дёмин Н. С., Рожкова С. В. Светлана Владимировна
Sažetak:Заглавие с титульного экрана
Jezik:ruski
Izdano: 2014
Serija:Фундаментальные вопросы атомной науки и техники
Teme:
Online pristup:http://earchive.tpu.ru/handle/11683/73283
Format: MixedMaterials Elektronički Poglavlje knjige
KOHA link:https://koha.lib.tpu.ru/cgi-bin/koha/opac-detail.pl?biblionumber=607508

MARC

LEADER 00000naa2a2200000 4500
001 607508
005 20231226110055.0
035 |a (RuTPU)RU\TPU\conf\4900 
035 |a RU\TPU\conf\4897 
090 |a 607508 
100 |a 20140724d2014 k y0rusy50 ca 
101 0 |a rus 
102 |a RU 
105 |a y z 101zy 
135 |a drgn ---uucaa 
181 0 |a i  
182 0 |a b 
200 1 |a Европейский опцион продажи лукбэк с плавающим страйком  |f У. В. Андреева, Н. С. Дёмин, С. В. Рожкова 
203 |a Текст  |c электронный 
225 1 |a Фундаментальные вопросы атомной науки и техники 
300 |a Заглавие с титульного экрана 
320 |a [Библиогр.: с. 149 (3 назв.)] 
337 |a Adobe Reader 
463 0 |0 (RuTPU)RU\TPU\conf\4220  |t Физико-технические проблемы атомной науки, энергетики и промышленности  |o сборник тезисов докладов VI Международной научно-практической конференции, г. Томск, 5-7 июня 2014 г.  |f Национальный исследовательский Томский политехнический университет (ТПУ) ; ред. коллегия О. Ю. Долматов ; С. Н. Ливенцов ; Ю. А. Чурсин  |v [С. 149]  |d 2014 
610 1 |a труды учёных ТПУ 
610 1 |a электронный ресурс 
610 1 |a опционы 
610 1 |a продажи 
610 1 |a лукбэк 
610 1 |a уравнения 
610 1 |a диффузионные модели 
700 1 |a Андреева  |b У. В. 
701 1 |a Дёмин  |b Н. С. 
701 1 |a Рожкова  |b С. В.  |c математик  |c профессор Томского политехнического университета, доктор физико-математических наук  |f 1971-  |g Светлана Владимировна  |3 (RuTPU)RU\TPU\pers\25740  |9 11642 
712 0 2 |a Национальный исследовательский Томский политехнический университет (ТПУ)  |b Физико-технический институт (ФТИ)  |b Кафедра высшей математики (ВМ)  |3 (RuTPU)RU\TPU\col\18728 
801 2 |a RU  |b 63413507  |c 20221027  |g RCR 
856 4 |u http://earchive.tpu.ru/handle/11683/73283 
942 |c BK